La Corée de A à Z - Statistiques

Statistiques générales
  • Ce quiz a été pris 61 fois
  • Le résultat moyen est 10 sur 26
Statistiques - réponses
Hint Réponse % Correct
C - Langue officielle des deux Corée Coréen
94%
B - Deuxième plus grande ville de Corée du Sud Busan
92%
K - Nom le plus répandu en Corée du Sud, et du dictateur de Corée du Nord Kim
86%
W - Monnaie des deux Corée Won
86%
J - Pays ayant mené des crimes d'une atrocité exceptionnelle en Corée Japon
80%
L - Deuxième nom le plus répandu en Corée du Sud Lee
80%
T - Art martial et sport olympique Taekwondo
76%
F - Pays ayant tenté de coloniser la Corée en 1866 France
70%
H - Nom de l'alphabet coréen Hangeul
68%
I - Principal aéroport de Corée du Sud Incheon
60%
E - État ayant occupé le sud de la Corée de 1945 à 1948 États-Unis
54%
Z - Nom de la frontière entre les deux Corée, qui est la plus militarisée du monde Zone démilitarisée
42%
M - Nom coréen des raviolis (jiaozi en Chine) Mandu
40%
U - Ville coréenne, connue pour être le berceau de la compagnie automobile Hyundai Ulsan
20%
Q - Dynastie mandchoue ayant réduit la Corée en tant que vassale de la Chine de 1644 à 1895 Qing
18%
N - Plat de nouilles froides Naengmyeon
12%
D - Groupe d'ilots sud-coréens revendiqués par le Japon Dokdo
8%
G - Ancien royaume coréen présent de 918 à 1392 Goryeo
8%
P - Ville où a été signé l'armistice de la guerre de Corée le 27 juillet 1953 Panmunjeom
8%
A - Hymne national de la Corée Aegukga
6%
O - Fondateur du royaume historique de Baekje (-18-660) Onjo
6%
R - Premier président de la Corée du Sud, de 1948 à 1960 Rhee Syngman
6%
Y - Ancienne monnaie utilisée, pendant la dynastie Joseon (1392-1910) Yang
6%
S - Grande manifestation ayant eu lieu le 1er mars 1919 pour l'indépendance de la Corée vis-à-vis du Japon Samiljeol
4%
V - Statut de Séoul en français, 특별시 (teukbyeolsi) en coréen Ville spéciale
4%
X - Groupe de K-Pop X:IN
2%
Aucun quiz correspondant
Distribution des résultats
% des personnes avec chaque résultat
Percentile par nombre de réponses
Votre historique - résultats
Vous n’avez pas pris ce quiz